000 01492nam a2200265Ia 4500
999 _c53300
_d53300
001 20341
003 GE_BSU
005 20200927202420.0
008 181216s1962||||ge |||||||||||||| ||geo||
040 _cGE_BSU
041 _ageo
080 _a821.353.1(092წერეთელი, ა.)(072) + 811.353.1-26 შ-20
100 _aშამელაშვილი, რ.
_99549
245 _aაკაკი წერეთლის ენის შესწავლა სკოლაში :
_bქართული ენისა და ლიტერატურის მასწავლებელთა დასახმარებლად /
_cრ. შამელაშვილი ; რედ. ო. ქაჯაია.
264 _aცხინვალი :
_bსამხრეთ ოსეთის სახელგამი,
_c1962.
300 _a117 გვ. ;
_c20 სმ.
300 _bბიბლიოგრ. შენიშვნებში
504 _aბიბლიოგრაფია შენიშვნებში
541 _h40თ.
653 _aქართული ენა და ლიტერატურა
653 _aმეთოდური სახელმძღვანელოები
653 _aქართული სალიტერატურო ენის შესწავლა სკოლაში
700 _aქაჯაია, ო.
_eრედაქტორი
_99550
942 _cBK
_2udc